Robin Lee
Boston College A
Categories
Fine Arts - Other Fine Arts | 0 | 2 | 0 | 0 | 20 | 128 | 134.50 | 1 | 2 |
Pop Culture | 0 | 2 | 0 | 1 | 20 | 135 | 137.00 | 0 | 2 |
Philosophy | 0 | 1 | 0 | 0 | 10 | 130 | 130.00 | 0 | 1 |
Fine Arts - Visual Fine Arts | 0 | 1 | 0 | 0 | 10 | 129 | 129.00 | 0 | 1 |
History - American History | 1 | 0 | 1 | 0 | 10 | 72 | 72.00 | 1 | 1 |
Literature - British Literature | 0 | 0 | 0 | 0 | 0 | 0.00 | 0 | 0 | |
Religion | 0 | 0 | 0 | 0 | 0 | 0.00 | 0 | 0 | |
Literature - American Literature | 0 | 0 | 0 | 0 | 0 | 0.00 | 0 | 0 | |
Science - Biology | 0 | 0 | 1 | 0 | -5 | 0.00 | 0 | 0 | |
Literature - European Literature | 0 | 0 | 1 | 0 | -5 | 0.00 | 0 | 0 | |
Other Academic | 0 | 0 | 1 | 0 | -5 | 0.00 | 0 | 0 | |
History - World History | 0 | 1 | 4 | 0 | -10 | 93 | 93.00 | 1 | 1 |